000 00778nas a22002057i 4500
001 5888
003 OSt
005 20170126082350.0
007 tu
008 161220s xxu||||| |||| 00| 0 d
022 _a0012-5415
024 7 _a5888
_2RID
024 7 _a5888
_2RSN (alt)
040 _cOSt
245 0 0 _aDer Donauraum
_bZeitschrift des Institutes für den Donauraum und Mitteleuropa
260 _aWien :
_bBöhlau.
110 2 _aInstitut für den Donauraum und Mitteleuropa
866 0 _u1993 ff. - 2008/4
866 0 _uBestände unvollständig<br><br>letztes Heft: 2004 44/1-2<br><br>vorhanden:<br>1993 33/1<br>1995 35/1, 3-4<br>1996 36/1 - 1999 39/4<br>2000 40/3 - 2002 42/4<br>2003 43/1-4<br>200444/1-<br><br><br>fehlende Bestände:<br>1993 33/2-4<br>1995 34/2<br>2000 40/1-2, 4
942 _cJ
999 _c5604
_d5604